000 00391nam a2200169Ia 4500
008 230524s9999 xx 000 0 und d
020 _a0071155546
082 _a4
_bSCH
100 _aRobert J.Schalkoff
245 0 _aArtificial Neural Network
250 _a1ST
260 _aYEWYORK
_bEWP
_c1997
300 _aXXI;422
500 _aQuantity Number: 2
650 _aComp-Sc
942 _cBK
999 _c4314
_d4314